[Event "Tourn. n10206"]
[Site "www.echecsemail.com"]
[Date "2019.09.16"]
[Round "1"]
[White "Bojan"]
[Black "Add"]
[WhiteElo "2010"]
[BlackElo "2080"]
[Result "1/2-1/2"]
[Round "1"]
1.e4 e5
2.Ng1f3 d5
3.exd5 Qd8xd5
4.Nb1c3 Qd5c5
5.h3 a6
6.Bf1d3 Nb8c6
7.a3 Ng8f6
8.Qd1e2 Bf8e7
9.Nc3e4 Nf6xe4
10.Bd3xe4 Nc6d4
11.Nf3xd4 Qc5xd4
12.c3 Qd4b6
13.Qe2f3 c6
14.b4 Bc8e6
15.Qf3g3 Be7f6
16.d3 Qb6c7
17.Bc1e3 Be6d5
18.Qg3g4 Bd5xe4
19.Qg4xe4 O-O
20.O-O Rf8e8
21.Qe4g4 Ra8d8
22.Ra1d1 a5
23.f4 axb4
24.axb4 e4
25.d4 Qc7d7
26.Qg4e2 b5
27.f5 Qd7e7
28.g4 Bf6g5
29.Rf1f2 Bg5xe3
30.Qe2xe3 f6
31.Rd1e1 Qe7f7
32.Qe3f4 Qf7c4
33.Rf2c2 Rd8xd4
34.Re1e2 Rd4d1
35.Kg2 h6
36.h4 Qc4d5
37.Rc2d2 Rd1xd2
38.Re2xd2 Qd5c4
39.Qf4e3 { draw }
1/2-1/2

[Event "1/32 Finale"]
[Site "www.chess-mail.com"]
[Date "2019.09.16"]
[Round "1"]
[White "Gandalf50"]
[Black "George1955"]
[WhiteElo "2390"]
[BlackElo "2650"]
[Result "1/2-1/2"]
[Round "1"]
1.c4 Ng8f6
2.Nb1c3 e5
3.g3 c6
4.Bf1g2 d5
5.cxd5 cxd5
6.Qd1b3 Nb8c6
7.Nc3xd5 Nc6d4
8.Nd5xf6 Qd8xf6
9.Qb3d3 Bc8f5
10.Bg2e4 Bf5xe4
11.Qd3xe4 Ra8c8
12.Ra1b1 Bf8e7
13.Ng1f3 Nd4xf3
14.exf3 Qf6a6
15.Rb1a1 Rc8d8
16.b3 f6
17.Qe4e2 Rd8d3
18.Bc1b2 Be7b4
19.Bb2c3 Bb4xc3
20.dxc3 Kf7
21.O-O Rd3xc3
22.Qe2xa6 bxa6
23.Ra1c1 Rh8c8
24.Rc1xc3 Rc8xc3
25.Rf1d1 Ke6
26.Rd1d2 Rc3xf3
27.Rd2c2 Rf3d3
28.Rc2c7 Rd3d1
29.Kg2 Rd1d7
30.Rc7c6 { draw }
1/2-1/2

[Event "Tourn. n10207"]
[Site "www.echecsemail.com"]
[Date "2019.09.17"]
[Round "1"]
[White "Bgm9"]
[Black "Estonia"]
[WhiteElo "1960"]
[BlackElo "1950"]
[Result "1-0"]
[Round "1"]
1.d4 Ng8f6
2.c4 e6
3.Nb1c3 d5
4.e3 c5
5.Ng1f3 Nb8c6
6.Bf1e2 cxd4
7.exd4 Bf8b4
8.O-O O-O
9.a3 Bb4e7
10.Bc1g5 h6
11.Bg5f4 dxc4
12.Be2xc4 Nf6d5
13.Bc4xd5 exd5
14.Rf1e1 Be7d6
15.Bf4xd6 Qd8xd6
16.Qd1b3 Bc8g4
17.Nc3b5 Qd6g6
18.Nf3e5 Nc6xe5
19.Re1xe5 Bg4e6
20.Nb5c7 Ra8c8
21.Nc7xe6 fxe6
22.Ra1e1 Qg6f7
23.Re5e2 Rc8c6
24.h3 b6
25.Qb3e3 Rf8e8
26.Qe3e5 Qf7g6
27.f4 Re8f8
28.Re1f1 a5
29.Kh1 Rf8f5
30.Qe5e3 h5
31.Rf1f3 Rc6c1
32.Kh2 Rc1c6
33.Rf3g3 Qg6f6
34.Re2f2 h4
35.Rg3f3 Qf6g6
36.Qe3d3 Qg6e8
37.Qd3b5 Qe8c8
38.Qb5b3 Qc8c7
39.Qb3d3 g5
40.b3 Rc6c1
41.Qd3d2 Rc1c6
42.a4 Qc7d6
43.Kg1 gxf4
44.Rf3xf4 Rf5xf4
45.Rf2xf4 Qd6c7
46.Rf4g4 Kf8
47.Qd2h6 Ke8
48.Qh6h8 Kd7
49.Rg4g7 Kd6
50.Qh8f8 Qc7e7
51.Qf8xe7 { resign }
1-0

[Event "Match"]
[Site "www.echecsemail.com"]
[Date "2019.09.17"]
[Round "1"]
[White "Apdash"]
[Black "Estonia"]
[WhiteElo "2230"]
[BlackElo "1950"]
[Result "1-0"]
[Round "1"]
1.e4 e5
2.Ng1f3 Nb8c6
3.Bf1b5 a6
4.Bb5xc6 dxc6
5.c3 Bc8g4
6.d3 Ng8f6
7.Bc1g5 Bf8e7
8.Nb1d2 c5
9.Qd1c2 O-O
10.Nf3xe5 Bg4e6
11.f4 Nf6g4
12.Ne5xg4 Be6xg4
13.Bg5xe7 Qd8xe7
14.O-O Rf8d8
15.Nd2f3 Bg4xf3
16.Rf1xf3 b5
17.Ra1d1 b4
18.d4 cxd4
19.cxd4 a5
20.e5 Rd8d5
21.f5 Ra8d8
22.Qc2e4 f6
23.e6 c5
24.Rf3d3 c4
25.Rd3h3 a4
26.Qe4h4 h6
27.Qh4g4 Kh8
28.Qg4f4 b3
29.axb3 cxb3
30.Rh3c3 Qe7b4
31.Kf2 a3
32.e7 Qb4xe7
33.Rc3xb3 axb2
34.Rb3xb2 Qe7a3
35.Rb2c2 Qa3d6
36.Qf4xd6 Rd8xd6
37.Ke3 Rd5xf5
38.Ke4 Rf5a5
39.Rc2c7 f5
40.Kd3 Ra5a4
41.Ke3 g5
42.Rd1d3 Ra4a2
43.Kf3 Ra2a4
44.Ke3 f4
45.Ke4 Ra4a1
46.Ke5 Rd6a6
47.d5 Ra1e1
48.Kf5 Ra6d6
49.Rc7c6 Rd6xc6
50.dxc6 Re1c1
51.Rd3d6 Kg7
52.Ke6 g4
53.Kd7 f3
54.gxf3 gxf3
55.Rd6d2 Kg6
56.c7 Kg5
57.c8Q Rc1xc8
58.Kxc8 Kf4
59.Kd7 Ke3
60.Rd2a2 f2
61.Ra2a1 h5
62.h4 Kf3
63.Ke6 Kg2
64.Kf5 f1Q
65.Ra1xf1 Kxf1
66.Kg5 Kf2
67.Kxh5 Kf3
68.Kg6 Kg4
69.h5 { resign }
1-0

[Event "Tourn. n10198"]
[Site "www.echecsemail.com"]
[Date "2019.09.17"]
[Round "1"]
[White "Hansen"]
[Black "Jjmcbride"]
[WhiteElo "1770"]
[BlackElo "1630"]
[Result "0-1"]
[Round "1"]
1.e4 e5
2.c3 Ng8f6
3.Bf1d3 d5
4.f3 d4
5.g4 dxc3
6.dxc3 Bf8c5
7.Ng1h3 h6
8.b4 Bc5b6
9.g5 Bc8xh3
10.gxf6 Qd8xf6
11.Rh1g1 Bb6xg1
12.Qd1b3 Qf6h4
13.Kd2 Qh4f2
14.Bd3e2 Bh3f1
15.Kc2 Qf2xe2
16.Bc1d2 Bg1e3
17.Qb3a4 Nb8c6
18.b5 O-O-O
19.bxc6 Qe2d3
20.Kb3 b6
21.Kb2 Be3xd2
22.Qa4xa7 Bd2xc3
23.Nb1xc3 Qd3d2
24.Kb3 Bf1c4
25.Kxc4 Rd8d4
26.Kb5 Qd2b2
27.Ka6 Qb2a3
{ resign }
0-1

[Event "Match"]
[Site "www.echecsemail.com"]
[Date "2019.09.17"]
[Round "1"]
[White "Jesmantiz"]
[Black "Double2dutch"]
[WhiteElo "2170"]
[BlackElo "2260"]
[Result "0-1"]
[Round "1"]
1.d4 Ng8f6
2.e3 d5
3.Bf1d3 Bc8g4
4.f3 Bg4h5
5.Ng1e2 Bh5g6
6.Bd3b5 c6
7.Bb5a4 Qd8a5
8.Nb1c3 h5
9.Ba4b3 e6
10.O-O Nb8d7
11.Bc1d2 Qa5c7
12.Ne2f4 Bg6h7
13.Qd1e1 Bf8d6
14.Nc3e2 O-O-O
15.h3 g5
16.Nf4d3 g4
17.f4 gxh3
18.gxh3 Rd8g8
19.Kh1 Bh7e4
{ resign }
0-1

[Event "Tourn. n10157"]
[Site "www.echecsemail.com"]
[Date "2019.09.17"]
[Round "1"]
[White "Kevinking"]
[Black "Ranjachess"]
[WhiteElo "1900"]
[BlackElo "1940"]
[Result "1-0"]
[Round "1"]
1.d4 d5
2.Ng1f3 Nb8c6
3.Bc1g5 h6
4.Bg5h4 Bc8g4
5.e3 Qd8d6
6.Bh4g3 Qd6b4
7.Nb1d2 O-O-O
8.Ra1b1 Ng8f6
9.c3 Qb4a5
10.b4 Qa5b6
11.a4 a5
12.bxa5 Qb6xa5
13.Bf1b5 Bg4d7
14.O-O Qa5xc3
15.Qd1e2 g5
16.Rf1c1 Qc3a5
17.Nd2b3 Qa5a7
18.Nb3c5 Nc6a5
19.Bb5xd7 Rd8xd7
20.Nc5xd7 Nf6xd7
21.Rc1xc7 Kd8
22.Qe2b5 Nd7b6
23.Qb5xb6 Qa7xb6
24.Rb1xb6 e6
25.Rc7c2 f6
26.Nf3d2 Bf8g7
27.Rb6xe6 Kd7
28.Re6d6 Ke7
29.Rc2c7 Ke8
30.Rc7xg7 h5
31.Rg7c7 Rh8h6
32.Nd2f3 h4
33.Bg3e5 Na5c4
34.Rd6xf6 Rh6xf6
35.Be5xf6 b6
36.Bf6xg5 Nc4a3
37.Bg5xh4 b5
38.axb5 Na3xb5
39.Rc7e7 Kf8
40.Nf3e5 Nb5d6
41.Re7d7 Nd6e8
42.Rd7xd5 Kg7
43.Bh4d8 Ne8f6
44.Bd8xf6 Kxf6
45.e4 Ke6
46.f4 Kf6
47.Kf2 Ke6
48.Kg3 Kf6
49.Kg4 Ke6
50.Kg5 Ke7
51.Kf5 Kf8
52.Kf6 Ke8
53.g3 Kf8
54.Rd5d8 
1-0

[Event "Tourn. n10198"]
[Site "www.echecsemail.com"]
[Date "2019.09.17"]
[Round "1"]
[White "Cal"]
[Black "Fabos12"]
[WhiteElo "1760"]
[BlackElo "1750"]
[Result "1-0"]
[Round "1"]
1.c4 e6
2.a3 d5
3.cxd5 exd5
4.d4 Bf8d6
5.Nb1c3 c6
6.Ng1f3 Ng8f6
7.h3 O-O
8.e3 h6
9.b4 a6
10.Bf1e2 Rf8e8
11.O-O Bc8f5
12.Bc1b2 Nf6e4
{ time. }
1-0

[Event "Tourn. n10126"]
[Site "www.echecsemail.com"]
[Date "2019.09.17"]
[Round "1"]
[White "Ditto"]
[Black "Cal"]
[WhiteElo "1830"]
[BlackElo "1630"]
[Result "1-0"]
[Round "1"]
1.e4 e5
2.Ng1f3 d6
3.Bf1c4 h6
4.d4 exd4
5.Qd1xd4 Qd8e7
6.O-O Ng8f6
7.Rf1e1 Nb8c6
8.Qd4d1 a6
9.Bc1f4 Bc8g4
10.Bc4e2 g5
11.Bf4c1 O-O-O
12.Nb1c3 Bf8g7
13.Bc1e3 Bg4h5
14.Qd1c1 Bh5xf3
15.Be2xf3 Nc6e5
16.Nc3e2 c5
17.Ne2c3 g4
18.Bf3e2 h5
19.Be3g5 Qe7e6
20.Be2d3 Rd8d7
21.Qc1d2 Nf6e8
22.Nc3d5 h4
23.Nd5f4 h3
24.Nf4xe6 fxe6
25.Bd3e2 Ne8c7
26.g3 b6
27.Bg5f4 Ne5f3
28.Be2xf3 gxf3
29.c3 e5
30.Bf4g5 Nc7e6
31.Qd2d5 Ne6xg5
32.Qd5a8 Kc7
33.Qa8xa6 Rh8b8
34.Ra1b1 Kd8
35.Qa6c4 Kc7
36.b4 Rd7e7
37.b5 Rb8a8
38.Qc4d5 Ra8c8
39.Qd5c6 Kd8
40.Qc6xb6 Ke8
41.Qb6xd6 Rc8d8
42.Qd6g6 Ng5f7
43.Qg6xg7 Re7b7
44.Qg7g8 Ke7
45.Qg8g6 Rd8d6
46.Qg6f5 Rb7d7
47.Qf5xf3 Rd6d2
48.Qf3g4 Rd2xa2
49.Re1d1 Rd7xd1
50.Rb1xd1 Ra2c2
51.Qg4d7 Kf6
52.Qd7xh3 Rc2xc3
53.Qh3f5 Kg7
54.Rd1d7 Rc3c1
55.Kg2 c4
56.Qf5xf7 Kh6
57.Qf7f6 Kh5
58.Rd7h7 Kg4
59.Qf6f5 { resign }
1-0

[Event "Match"]
[Site "www.echecsemail.com"]
[Date "2019.09.17"]
[Round "1"]
[White "Guidom"]
[Black "Chapi"]
[WhiteElo "2060"]
[BlackElo "2140"]
[Result "1-0"]
[Round "1"]
1.e4 c5
2.Ng1f3 Nb8c6
3.c4 g6
4.Nb1c3 Bf8g7
5.d3 d6
6.Bf1e2 Nc6d4
7.Nf3xd4 Bg7xd4
8.O-O Ng8f6
9.Bc1g5 Nf6d7
10.Kh1 Nd7e5
11.f4 Ne5c6
12.a3 Bd4g7
13.Ra1b1 Nc6d4
14.h3 Qd8a5
15.Nc3d5 Nd4xe2
16.Qd1xe2 f6
17.Bg5h4 h6
18.f5 g5
19.Bh4e1 Qa5a4
20.Nd5c7 Kf7
21.Nc7xa8 Qa4c6
22.Qe2h5 Kf8
23.b4 e5
24.b5 { resign }
1-0

[Event "Match"]
[Site "www.echecsemail.com"]
[Date "2019.09.17"]
[Round "1"]
[White "Dvdheever"]
[Black "Cal"]
[WhiteElo "1299"]
[BlackElo "1670"]
[Result "0-1"]
[Round "1"]
1.e4 e5
2.Ng1f3 d6
3.Nb1c3 h6
4.g3 a6
5.Bf1g2 Ng8f6
6.O-O Nb8c6
7.a3 b5
8.d3 Bf8e7
9.b4 Bc8g4
10.h3 Bg4xf3
11.Qd1xf3 Nc6d4
12.Qf3d1 O-O
13.Bc1e3 Nd4e6
14.d4 exd4
15.Be3xd4 Ne6xd4
16.Qd1xd4 c6
17.Ra1e1 Qd8d7
18.e5 Nf6e8
19.Re1e4 Ra8d8
20.Qd4b6 d5
21.Re4g4 Qd7e6
22.Rf1e1 f5
23.Rg4f4 Be7g5
24.Rf4f3 Bg5d2
25.Re1e2 Bd2xc3
26.Qb6xa6 Ne8c7
27.Qa6a5 Rd8d7
28.Rf3xc3 g5
29.Qa5b6 h5
30.Rc3xc6 Qe6e7
31.Rc6c5 Nc7e6
32.Rc5xb5 g4
33.Re2d2 d4
34.Bg2c6 Rd7d8
35.Bc6d5 Rd8xd5
36.Rb5xd5 Qe7f7
37.a4 gxh3
38.Rd5a5 Qf7d7
39.Ra5a7 Qd7d5
40.c3 Qd5g2
{ resign }
0-1

[Event "Tourn. n10217"]
[Site "www.echecsemail.com"]
[Date "2019.09.17"]
[Round "1"]
[White "Roko123"]
[Black "Mapudungo"]
[WhiteElo "1499"]
[BlackElo "1499"]
[Result "0-1"]
[Round "1"]
1.e4 e5
2.Ng1f3 Nb8c6
3.Bf1b5 d6
4.d4 exd4
5.Nf3xd4 Bc8d7
6.Nb1c3 g6
7.O-O Bf8g7
8.Nd4xc6 bxc6
9.Bb5c4 Ng8f6
10.Rf1e1 Nf6g4
11.h3 Ng4e5
12.Bc4b3 Qd8h4
13.Nc3e2 a5
14.Ne2g3 a4
15.Bb3xa4 Ra8xa4
16.c3 Ra4a8
17.a4 O-O
18.b4 c5
19.b5 Bd7xb5
{ resign }
0-1

[Event "1/64 Finale"]
[Site "www.chess-mail.com"]
[Date "2019.09.17"]
[Round "1"]
[White "Vega"]
[Black "Esperanza"]
[WhiteElo "2509"]
[BlackElo "2050"]
[Result "1-0"]
[Round "1"]
1.d4 Ng8f6
2.c4 c5
3.d5 b5
4.cxb5 a6
5.b6 Qd8xb6
6.Nb1c3 g6
7.e4 d6
8.Ng1f3 Bf8g7
9.Bf1e2 O-O
10.O-O a5
11.e5 dxe5
12.Nf3xe5 Bc8a6
13.Rf1e1 Ba6xe2
14.Qd1xe2 Rf8d8
15.Ne5xf7 Kxf7
16.Qe2xe7 Kg8
17.Re1e6 { resign }
1-0

[Event "Tourn. n10204"]
[Site "www.echecsemail.com"]
[Date "2019.09.18"]
[Round "1"]
[White "Orhany24"]
[Black "Apdash"]
[WhiteElo "2140"]
[BlackElo "2150"]
[Result "1-0"]
[Round "1"]
1.e4 c5
2.Ng1f3 d6
3.d4 cxd4
4.Nf3xd4 Nb8c6
5.Nd4xc6 bxc6
6.c4 g6
7.Nb1c3 Bf8g7
8.Bf1d3 Ng8f6
9.O-O O-O
10.h3 e5
11.Bc1e3 Qd8c7
12.Ra1c1 Bc8e6
13.b3 Rf8d8
14.Qd1e2 Qc7d7
15.Bd3b1 d5
16.cxd5 cxd5
17.exd5 Nf6xd5
18.Nc3xd5 Be6xd5
19.Rf1d1 Qd7b7
20.f3 f5
21.Bb1d3 e4
22.Bd3c4 exf3
23.Qe2xf3 Kh8
24.Bc4xd5 Rd8xd5
25.Qf3xd5 Qb7b8
26.Qd5f7 Qb8b4
27.Rc1c7 Qb4f8
28.Rd1d7 Qf8xf7
29.Rd7xf7 { resign }
1-0

[Event "Tourn. n10172"]
[Site "www.echecsemail.com"]
[Date "2019.09.18"]
[Round "1"]
[White "Lakeknight"]
[Black "Liencam2"]
[WhiteElo "2150"]
[BlackElo "2230"]
[Result "1-0"]
[Round "1"]
1.e4 c5
2.Nb1c3 e6
3.f4 d5
4.Ng1f3 Nb8c6
5.Bf1b5 Ng8e7
6.Bb5xc6 Ne7xc6
7.d3 Bf8e7
8.O-O O-O
9.Bc1d2 a6
10.a4 b6
11.Qd1e1 dxe4
12.dxe4 Nc6d4
13.Ra1c1 Bc8d7
14.Nf3e5 Bd7e8
15.b3 f6
16.Ne5f3 Be8c6
17.Bd2e3 Ra8a7
18.Be3xd4 cxd4
19.Nc3b1 Be7c5
20.Kh1 Ra7d7
21.Nb1d2 Qd8c7
22.e5 fxe5
23.Nf3xe5 Rd7e7
24.Nd2c4 Bc6a8
25.Qe1g3 Rf8f5
26.Ne5d3 Re7f7
27.Nc4e5 Rf7f6
28.Ne5g4 Rf6g6
29.Nd3e5 Rg6xg4
30.Ne5xg4 Kh8
31.Rc1e1 Ba8d5
32.Ng4e5 Bc5b4
33.Re1e2 Bb4d6
34.Qg3d3 Bd6b4
35.Kg1 Bb4d6
36.h4 Qc7e7
37.g3 Bd6c5
38.Kh2 h6
39.Ne5g6 { resign }
1-0

[Event "Tourn. n10203"]
[Site "www.echecsemail.com"]
[Date "2019.09.18"]
[Round "1"]
[White "Cal"]
[Black "Hansen"]
[WhiteElo "1790"]
[BlackElo "1770"]
[Result "1-0"]
[Round "1"]
1.Ng1f3 e6
2.e4 d5
3.e5 d4
4.d3 Nb8c6
5.a3 h6
6.b4 a5
7.Bc1b2 axb4
8.Bb2xd4 Nc6xd4
9.Nb1d2 b5
10.Nd2e4 f5
11.Ne4g3 f4
12.Ng3e4 Bc8b7
13.Bf1e2 g5
14.O-O g4
15.Nf3xd4 Qd8xd4
16.Qd1d2 f3
17.Be2d1 Bb7xe4
18.Qd2f4 Qd4xa1
19.dxe4 Qa1xa3
20.Qf4xg4 h5
21.Qg4g6 Kd8
22.Bd1xf3 Ng8e7
23.Qg6xe6 Rh8h6
24.Rf1d1 Ke8
25.Qe6d7 Kf7
26.e6 Rh6xe6
27.Bf3xh5 Kf6
28.Qd7d4 Kg5
29.Qd4c5 Kf6
30.f3 Ne7f5
31.Qc5xf5 Ke7
32.Qf5c5 Kf6
33.Qc5f5 Ke7
34.Qf5f7 { resign }
1-0

[Event "Match"]
[Site "www.echecsemail.com"]
[Date "2019.09.18"]
[Round "1"]
[White "Jackbauer"]
[Black "Tonino1"]
[WhiteElo "1930"]
[BlackElo "2130"]
[Result "0-1"]
[Round "1"]
1.e4 d6
2.f4 Ng8f6
3.Nb1c3 c6
4.d3 Qd8c7
5.Ng1f3 e5
6.Bf1e2 g6
7.O-O Bf8g7
8.d4 exd4
9.Nf3xd4 O-O
10.g3 Nb8d7
11.a3 Nd7c5
12.Be2d3 Nc5xd3
13.Qd1xd3 Bc8h3
14.Rf1f2 a6
15.Bc1d2 Nf6g4
16.Rf2e2 Qc7b6
17.e5 dxe5
18.Nc3a4 Qb6xd4
19.Qd3xd4 exd4
20.Bd2b4 Rf8e8
21.Bb4e7 Ng4e3
22.Be7c5 Bh3g4
23.Re2d2 Ne3c4
24.Rd2f2 d3
25.cxd3 Nc4xb2
26.Na4xb2 b6
27.Bc5xb6 Ra8b8
28.Ra1c1 Rb8xb6
29.Nb2c4 Rb6b3
30.d4 Bg7xd4
31.Nc4d6 Re8e2
32.Kg2 Re2xf2
{ resign }
0-1

[Event "Match"]
[Site "www.echecsemail.com"]
[Date "2019.09.18"]
[Round "1"]
[White "Chapi"]
[Black "Apdash"]
[WhiteElo "2140"]
[BlackElo "2150"]
[Result "0-1"]
[Round "1"]
1.d4 d5
2.c4 c6
3.Nb1c3 e6
4.Ng1f3 Ng8f6
5.Bc1g5 Bf8e7
6.cxd5 Nf6xd5
7.Bg5xe7 Qd8xe7
8.e3 O-O
9.Bf1d3 Nb8d7
10.O-O b5
11.Ra1c1 Bc8b7
12.Nc3e4 h6
13.Ne4c5 Nd7f6
14.Nf3e5 Nd5b4
15.Nc5xb7 Qe7xb7
16.Bd3e2 Ra8c8
17.a3 Nb4d5
18.Rc1c5 Nf6d7
19.Ne5xd7 Qb7xd7
20.Qd1c2 a6
21.Rf1c1 Nd5e7
22.Be2f3 Rf8d8
23.Bf3xc6 Qd7a7
24.Bc6f3 e5
25.d5 Rc8xc5
26.Qc2xc5 Qa7d7
27.Rc1d1 f5
28.d6 e4
29.dxe7 Qd7xd1
{ resign }
0-1

[Event "Match"]
[Site "www.echecsemail.com"]
[Date "2019.09.18"]
[Round "1"]
[White "Apdash"]
[Black "Comrade"]
[WhiteElo "2190"]
[BlackElo "2340"]
[Result "0-1"]
[Round "1"]
1.e4 c5
2.Ng1f3 Nb8c6
3.d4 cxd4
4.Nf3xd4 d6
5.Bf1c4 Ng8f6
6.Nb1c3 e5
7.Nd4xc6 bxc6
8.Bc1g5 Bf8e7
9.O-O O-O
10.Bc4b3 Bc8e6
11.f4 Be6xb3
12.axb3 Qd8b6
13.Kh1 Ra8d8
14.Qd1e2 Rf8e8
15.fxe5 dxe5
16.Bg5e3 Qb6c7
17.Ra1xa7 Qc7c8
18.Rf1a1 Qc8g4
19.Qe2c4 c5
20.Be3xc5 Be7xc5
21.Qc4xc5 Nf6xe4
22.Nc3xe4 Qg4xe4
23.Qc5f2 Qe4g4
24.Qf2xf7 Kh8
25.Qf7f3 Qg4d4
26.h3 e4
27.Qf3g3 e3
28.c3 Qd4f6
29.Ra1a6 Qf6f8
30.Ra6a1 e2
31.Ra1e1 Rd8d1
32.Ra7a1 Qf8f1
33.Kh2 Rd1xa1
{ resign }
0-1

[Event "Match"]
[Site "www.echecsemail.com"]
[Date "2019.09.18"]
[Round "1"]
[White "Tonino1"]
[Black "Jesmantiz"]
[WhiteElo "2130"]
[BlackElo "2160"]
[Result "0-1"]
[Round "1"]
1.f4 f5
2.d4 g6
3.e3 Bf8g7
4.Ng1f3 d6
5.Bf1d3 Ng8f6
6.O-O O-O
7.Qd1e2 c6
8.c3 Nb8a6
9.Nb1d2 Na6c7
10.e4 e6
11.e5 Nf6h5
12.Nd2c4 d5
13.Nc4d6 Bg7h6
14.g3 Nh5g7
15.h3 Ng7e8
16.Nd6xc8 Ra8xc8
17.g4 fxg4
18.Nf3g5 gxh3
19.Bc1e3 Ne8g7
20.Qe2g4 Ng7f5
21.Qg4xh3 Bh6xg5
22.fxg5 Qd8e7
23.Be3d2 c5
24.Rf1f3 cxd4
25.Bd3xf5 exf5
26.cxd4 Nc7e6
27.Qh3h4 Rc8c2
28.Rf3f2 Rc2xb2
29.Rf2h2 f4
30.Ra1f1 Ne6xd4
 { time }
0-1

[Event "Tourn. n10199"]
[Site "www.echecsemail.com"]
[Date "2019.09.19"]
[Round "1"]
[White "Libiesse"]
[Black "Churrasca"]
[WhiteElo "1930"]
[BlackElo "1970"]
[Result "0-1"]
[Round "1"]
1.d4 d5
2.c4 e6
3.Ng1f3 Ng8f6
4.g3 dxc4
5.Bf1g2 Nb8c6
6.O-O Ra8b8
7.e3 b5
8.b3 cxb3
9.axb3 a6
10.Nb1d2 Bc8b7
11.Qd1c2 Bf8e7
12.Rf1d1 O-O
13.Nf3e1 Nc6b4
14.Qc2c3 Bb7xg2
15.Ne1xg2 c5
16.Bc1a3 Nf6d5
17.Qc3c1 cxd4
18.Ba3xb4 Be7xb4
19.Ra1xa6 Nd5c3
20.Rd1f1 Nc3e2
{ resign }
0-1

[Event "Tourn. n10202"]
[Site "www.echecsemail.com"]
[Date "2019.09.19"]
[Round "1"]
[White "D4minance"]
[Black "Galiany17"]
[WhiteElo "2850"]
[BlackElo "2410"]
[Result "1-0"]
[Round "1"]
1.d4 Ng8f6
2.c4 e6
3.g3 d5
4.Ng1f3 Bf8e7
5.Bf1g2 O-O
6.O-O dxc4
7.Qd1a4 a6
8.Qa4xc4 b5
9.Qc4c2 Bc8b7
10.Bc1d2 Bb7e4
11.Qc2c1 c6
12.a4 b4
13.Bd2g5 Be4xf3
14.Bg2xf3 Qd8xd4
15.Rf1d1 Qd4a7
16.Bg5e3 Qa7c7
17.a5 Nf6d5
18.Bf3xd5 exd5
19.Rd1xd5 Nb8d7
20.Rd5d1 c5
21.Nb1d2 Rf8e8
22.Qc1c2 Ra8d8
23.Nd2c4 Qc7c6
24.Rd1d3 Nd7f6
25.Ra1d1 Rd8xd3
26.Rd1xd3 Nf6d5
27.Qc2d1 Nd5xe3
28.Rd3xe3 h5
29.Re3d3 h4
30.b3 hxg3
31.hxg3 g6
32.Rd3d5 Be7f8
33.e3 Bf8e7
34.Rd5d7 Qc6e6
35.Kg2 Kg7
36.Rd7b7 Re8h8
37.Qd1f3 Be7d8
38.e4 Bd8e7
39.e5 Be7d8
40.Kg1 Rh8e8
41.Rb7a7 Re8h8
42.Qf3e4 Rh8h5
43.g4 Rh5h3
44.f3 Rh3h4
45.Qe4b7 Rh4xg4
46.fxg4 Qe6xg4
47.Qb7g2 Qg4d1
48.Qg2f1 Qd1g4
49.Kf2 Bd8g5
50.Qf1d3 Bg5h4
51.Kf1 Qg4f4
52.Ke2 Qf4f2
53.Kd1 Bh4g5
54.Qd3e2 Qf2f4
55.Nc4d2 Qf4d4
56.e6 Qd4a1
57.Kc2 Qa1c3
58.Kb1 Bg5xd2
59.Ra7xf7 Kg8
60.Qe2c4 { resign }
1-0

[Event "Tourn. n10204"]
[Site "www.echecsemail.com"]
[Date "2019.09.19"]
[Round "1"]
[White "Apdash"]
[Black "Tonino1"]
[WhiteElo "2150"]
[BlackElo "2290"]
[Result "1-0"]
[Round "1"]
1.e4 d6
2.d4 Ng8f6
3.Bf1d3 c6
4.c4 Qd8a5
5.Nb1c3 d5
6.cxd5 cxd5
7.e5 Nf6e4
8.Ng1e2 Ne4xc3
9.bxc3 e6
10.O-O b6
11.Bc1d2 Bc8a6
12.c4 Bf8b4
13.Bd2xb4 Qa5xb4
14.cxd5 Ba6xd3
15.Qd1xd3 exd5
16.Qd3f3 O-O
17.Qf3xd5 Nb8a6
18.Ra1b1 Qb4d2
19.Ne2g3 Ra8d8
20.Qd5b7 Na6b4
21.Qb7xa7 Rd8xd4
22.Qa7xb6 Rf8d8
23.Ng3f5 Nb4xa2
24.Nf5xd4  { time }
1-0

[Event "Tourn. n10198"]
[Site "www.echecsemail.com"]
[Date "2019.09.19"]
[Round "1"]
[White "Hansen"]
[Black "Cal"]
[WhiteElo "1770"]
[BlackElo "1760"]
[Result "0-1"]
[Round "1"]
1.e4 e5
2.c3 a6
3.b4 Nb8c6
4.b5 axb5
5.Bf1xb5 Nc6e7
6.Ng1f3 c6
7.Bb5c4 b5
8.Bc4d3 d6
9.Qd1b3 h6
10.c4 Ra8b8
11.cxb5 Bc8a6
12.Nb1c3 Ba6b7
13.b6 Ng8f6
14.h4 Ne7g6
15.a4 Bf8e7
16.a5 O-O
17.h5 Ng6f4
18.Bd3c4 Nf4xg2
19.Kd1 Nf6g4
20.Rh1g1 Ng4xf2
21.Ke2 Nf2h3
22.Rg1xg2 Nh3f4
23.Kf2 Nf4h3
24.Ke1 Be7h4
25.Kd1 Qd8f6
26.Ke2 Nh3f4
27.Kf1 Nf4xg2
28.Kxg2 Qf6f4
29.Nc3e2 Qf4f6
30.d3 Rb8d8
31.Bc1d2 d5
32.exd5 cxd5
33.Bc4b5 d4
34.Ra1g1 Qf6xf3
35.Kh2 Qf3xe2
36.Kh3 Qe2xd2
37.Kxh4 Qd2h2
38.Kg4 Qh2xg1
39.Kf5 Qg1g5
{ resign }
0-1

[Event "Tourn. n10199"]
[Site "www.echecsemail.com"]
[Date "2019.09.19"]
[Round "1"]
[White "Ditto"]
[Black "Libiesse"]
[WhiteElo "1830"]
[BlackElo "1930"]
[Result "1/2-1/2"]
[Round "1"]
1.d4 d5
2.Ng1f3 c5
3.Bc1f4 Ng8f6
4.e3 Nb8c6
5.Bf1b5 cxd4
6.exd4 Qd8a5
7.Nb1c3 Nf6e4
8.Bb5xc6 bxc6
9.O-O Ne4xc3
10.Qd1d2 Bc8a6
11.Rf1e1 Nc3e2
12.Qd2xe2 Ba6xe2
13.Re1xe2 e6
14.c3 c5
{ draw }
1/2-1/2

[Event "Tourn. n10203"]
[Site "www.echecsemail.com"]
[Date "2019.09.19"]
[Round "1"]
[White "Roma753"]
[Black "Iko"]
[WhiteElo "1709"]
[BlackElo "1810"]
[Result "1-0"]
[Round "1"]
1.d4 d5
2.Bc1f4 Nb8c6
3.Ng1f3 Bc8g4
4.e3 Qd8d7
5.Nb1d2 Qd7e6
6.h3 Bg4xf3
7.Nd2xf3 O-O-O
8.Ra1c1 h6
9.c4 dxc4
10.Bf1xc4 Qe6e4
11.Bc4b5 g6
12.Bb5xc6 bxc6
13.Qd1a4 Rd8d5
14.Qa4xc6 Qe4e6
15.Qc6xc7 
1-0

[Event "Match"]
[Site "www.echecsemail.com"]
[Date "2019.09.19"]
[Round "1"]
[White "Chapi"]
[Black "Riemis"]
[WhiteElo "2090"]
[BlackElo "1809"]
[Result "1/2-1/2"]
[Round "1"]
1.d4 d5
2.c4 c6
3.Nb1c3 e6
4.Ng1f3 dxc4
5.a4 Bf8b4
6.e4 b5
7.Bc1d2 Bc8b7
8.b3 a5
9.Nc3b1 cxb3
10.Bd2xb4 axb4
11.Qd1xb3 Qd8a5
12.Bf1d3 bxa4
13.Qb3a2 b3
14.Qa2d2 Qa5xd2
15.Nf3xd2 Ng8e7
16.Ra1a3 O-O
17.Nb1c3 Nb8d7
18.Ra3xa4 Ra8xa4
19.Nc3xa4 Rf8a8
20.Na4c3 Ra8a1
21.Nc3b1 b2
22.O-O Nd7b6
23.Nd2b3 Ra1a2
24.Nb1d2 Nb6a4
25.Bd3b1 Ra2a3
26.Rf1e1 Na4c3
27.Nb3c5 Nc3xb1
28.Re1xb1 Ra3a7
29.Rb1xb2 Ra7a1
30.Rb2b1 Ra1xb1
31.Nd2xb1 Bb7a8
32.Nb1c3 Ne7c8
33.Kf1 Nc8d6
34.f3 Nd6b7
35.Nc3a4 Kf8
36.Nc5a6 Nb7d6
37.e5 Nd6b5
38.Na4c5 Ke8
39.Na6b4 Nb5xd4
40.Kf2 Kd8
41.Ke3 Nd4b5
42.g4 Kc7
43.f4 Kb6
44.Nb4d3 Nb5c3
45.f5 exf5
46.gxf5 Nc3d5
47.Kd4 Nd5e7
48.e6 fxe6
49.fxe6 g5
50.Ke5 h6
51.Kd6 Ne7d5
52.Nd3b4 Nd5c7
53.e7 g4
54.Nb4a6 Nc7e8
55.Ke5 h5
56.Kf4 Ba8b7
57.Nc5xb7 Kxb7
58.Na6c5 Kb6
59.Nc5e6 c5
60.Kg5 Kc6
61.Kxh5 Kd6
62.Ne6f4 Ne8f6
63.Kg5 Kxe7
64.Nf4g6 Ke6
65.Ng6f4 Kf7
66.Nf4g6 Kg7
67.Ng6e5 g3
68.hxg3 Nf6e4
69.Kf4 { draw }
1/2-1/2

[Event "Tourn. n10200"]
[Site "www.echecsemail.com"]
[Date "2019.09.19"]
[Round "1"]
[White "Francesco"]
[Black "Goofy"]
[WhiteElo "2110"]
[BlackElo "2290"]
[Result "0-1"]
[Round "1"]
1.e4 d6
2.d4 Ng8f6
3.Nb1c3 Nb8d7
4.Bc1g5 c6
5.Ng1f3 e5
6.dxe5 dxe5
7.Bf1c4 Bf8e7
8.O-O Qd8c7
9.Qd1e2 h6
10.Bg5h4 Nd7f8
11.Bh4g3 Nf8g6
12.Rf1d1 Nf6h5
13.Rd1d2 Nh5xg3
14.hxg3 O-O
15.Ra1d1 Bc8g4
16.a3 b5
17.Bc4a2 Rf8d8
18.Qe2e3 a5
19.Rd2xd8 Ra8xd8
20.Rd1xd8 Qc7xd8
21.Nf3d2 Be7g5
22.f4 exf4
23.gxf4 Bg5xf4
24.Qe3f2 Qd8xd2
25.Qf2xd2 Bf4xd2
{ resign }
0-1

[Event "1/128 Finale"]
[Site "www.chess-mail.com"]
[Date "2019.09.19"]
[Round "1"]
[White "Stepanpech"]
[Black "Bevittsmith"]
[WhiteElo "2590"]
[BlackElo "2280"]
[Result "1-0"]
[Round "1"]
1.e4 e6
2.d4 d5
3.Nb1c3 Bf8b4
4.e5 c5
5.a3 Bb4xc3
6.bxc3 Ng8e7
7.Qd1g4 Qd8c7
8.Qg4xg7 Rh8g8
9.Qg7xh7 cxd4
10.Ng1e2 Nb8c6
11.f4 Bc8d7
12.Qh7d3 dxc3
13.Qd3xc3 Ne7f5
14.Ra1b1 O-O-O
15.Rh1g1 d4
16.Qc3d3 Nc6e7
17.g4 Bd7a4
18.Rb1b2 Nf5e3
19.Bc1xe3 dxe3
20.Qd3xe3 Kb8
21.c4 Qc7a5
22.Rb2d2 Ne7c6
23.Rg1g3 Rd8xd2
24.Qe3xd2 Qa5c5
25.Qd2d6 Qc5xd6
26.exd6 b6
27.Ne2c3 Ba4c2
28.h4 Kc8
29.h5 Bc2f5
30.Kf2 Rg8xg4
31.Rg3xg4 Bf5xg4
32.h6 Bg4f5
33.Bf1g2 Nc6d8
34.Bg2e4 Bf5xe4
35.Nc3xe4 { resign }
1-0

[Event "1/128 Finale"]
[Site "www.chess-mail.com"]
[Date "2019.09.19"]
[Round "1"]
[White "Leonger"]
[Black "Esperanza"]
[WhiteElo "2100"]
[BlackElo "1980"]
[Result "1-0"]
[Round "1"]
1.e4 e5
2.f4 d6
3.d3 Ng8f6
4.Ng1f3 Nb8c6
5.Nb1c3 Bc8g4
6.Bf1e2 Bf8e7
7.O-O O-O
8.h3 Bg4xf3
9.Be2xf3 Nc6d4
10.Bc1e3 Nd4xf3
11.Rf1xf3 exf4
12.Be3xf4 Nf6d7
13.d4 Be7g5
14.Bf4xg5 Qd8xg5
15.Qd1d3 a6
16.Nc3d5 c6
17.Nd5e3 g6
18.Ne3f5 d5
19.exd5 cxd5
20.Ra1f1 b5
21.h4 Qg5d8
22.Nf5h6 Kg7
23.Rf3xf7 Rf8xf7
24.Rf1xf7 Kh8
25.Qd3g3 { resign }
1-0

[Event "1/64 Finale"]
[Site "www.chess-mail.com"]
[Date "2019.09.19"]
[Round "1"]
[White "Nimzo"]
[Black "Argento"]
[WhiteElo "2670"]
[BlackElo "2330"]
[Result "1-0"]
[Round "1"]
1.d4 d5
2.c4 e6
3.Nb1c3 Ng8f6
4.cxd5 exd5
5.Bc1g5 c6
6.e3 Bf8e7
7.Bf1d3 Nb8d7
8.h3 O-O
9.Qd1c2 { resign }
1-0